Central Library OPAC University of Rajshahi

Circuit design for audio, AM/FM, and TV / (Record no. 14249)

MARC details
000 -LEADER
fixed length control field 01228nam a2200301 4500
001 - CONTROL NUMBER
control field 14249
003 - CONTROL NUMBER IDENTIFIER
rucl marc code BD-RjUL
005 - DATE AND TIME OF LATEST TRANSACTION
control field 20211208235609.0
008 - FIXED-LENGTH DATA ELEMENTS--GENERAL INFORMATION
fixed length control field 140205r1967 us a b 000 0 eng d
035 ## - SYSTEM CONTROL NUMBER
System control number BD-RjUL 14301
040 ## - CATALOGING SOURCE
Original cataloging agency BD-RjUL
Language of cataloging eng
Transcribing agency BD-RjUL
Modifying agency BD-RjUL
041 ## - LANGUAGE CODE
Language code of text/sound track or separate title eng
082 ## - DEWEY DECIMAL CLASSIFICATION NUMBER
Classification number 621.3815
Author mark and year STC 1967
110 2# - MAIN ENTRY--CORPORATE NAME
Corporate name or jurisdiction name as entry element Texas Instruments Incorporated.
9 (RLIN) 161895
245 10 - TITLE STATEMENT
Title Circuit design for audio, AM/FM, and TV /
Statement of responsibility, etc. Prepared by the engineering staff of Texas Instruments Incorporated. Edited by Wm. A. Stover. Contributors: K. G. Cherry [and others]
260 ## - PUBLICATION, DISTRIBUTION, ETC. (IMPRINT)
Place of publication, distribution, etc. New York :
Name of publisher, distributor, etc. McGraw-Hill,
Date of publication, distribution, etc. 1967
300 ## - PHYSICAL DESCRIPTION
Pagination xi, 352 p :
Illustrations ill . ;
Size 26 cm
500 ## - GENERAL NOTE
General note "Originally published by the Texas Instruments Microlibrary as two separate paperback books, 'Audio and AM/FM circuit design handbook' and 'Television circuit design handbook.'"
504 ## - BIBLIOGRAPHY, ETC. NOTE
Bibliography, etc Includes bibliographies
650 #0 - SUBJECT ADDED ENTRY--TOPICAL TERM
Topical term or geographic name as entry element Transistor amplifiers
9 (RLIN) 44516
Topical term or geographic name as entry element Transistor radios
9 (RLIN) 44517
Topical term or geographic name as entry element Transistor television receivers
9 (RLIN) 44518
700 1# - ADDED ENTRY--PERSONAL NAME
Personal name Cherry, K. G.
Personal name Stover, William A.
830 #0 - SERIES ADDED ENTRY--UNIFORM TITLE
Uniform title Electronics series (Texas Instruments Incorporated)
942 ## - ADDED ENTRY ELEMENTS (KOHA)
Source of classification or shelving scheme Dewey Decimal Classification
Koha item type Books
Holdings
Lost status Source of classification or shelving scheme Damaged status Not for loan Collection code Permanent Location Current Location Shelving location Date acquired Source of acquisition Cost, normal purchase price Total Checkouts Full call number Date last seen Copy number Koha item type
  Dewey Decimal Classification     Non-fiction Central Library, University of Rajshahi Central Library, University of Rajshahi   04/12/1975 Gohnathan Wron & com. 7.30   621.3815 CIR 1967 05/02/2014 C-3 Books
  Dewey Decimal Classification   Not For Loan Non-fiction Central Library, University of Rajshahi Central Library, University of Rajshahi Reading Room 06/06/1975 Gantho Songro Dhaka University 7.30   621.3815 STC 1967 20/03/2017 C-1 Books